| 000 | 00488 a2200169 4500 | ||
|---|---|---|---|
| 999 |
_c4867 _d4867 |
||
| 020 | _a9780805861976 | ||
| 050 | _aP96MED2008 | ||
| 100 | _aSylvie, George | ||
| 245 |
_aMedia Management _ba casebook approach / _cGeorge Sylvie |
||
| 250 | _a4th ed. | ||
| 264 |
_aNew York _bRoutledge _c2008 |
||
| 300 | _a414p. | ||
| 500 | _aIncludes index | ||
| 650 | _aMedia | ||
| 700 |
_aJan LeBlanc Wicks _aC. Ann Hollifield _aStephen Lacy _aArdyth Broadrick Sohn |
||
| 942 |
_2lcc _cBK _e4th ed. _h96 _iMED _kP |
||